| 000 | 00458nam a2200145Ia 4500 | ||
|---|---|---|---|
| 008 | 240729s9999 xx 000 0 und d | ||
| 022 | _a2536-9792 | ||
| 245 | 4 | _aThe Egyptian Journal of Geriatrics and Gerontology | |
| 260 | _aEgypt | ||
| 260 | _bAin Shams University, Faculty of Medicine, Geriatrics and Gerontology Department | ||
| 650 | _aMedicine | ||
| 856 | _uhttps://doaj.org/toc/2bea562b259d4944895fb4fa26eb21e3 | ||
| 942 | _2ddc | ||
| 942 | _cDOAJEJ | ||
| 999 |
_c67256 _d67256 |
||
| 945 |
_a1 _bMadushi Gamage _c1 _dMadushi Gamage |
||